000 01997nam0a22003611 4500
001 rc\980817
005 20250622064628.0
035 _a(NLR Aleph) 006148873
090 _a5740719
_c5740719
100 _a20041129d1982 |||y0rusy50 ca
101 0 _arus
102 _aRU
105 _aa |||||||||
200 1 _aСпираль
_eРоман бессонной ночи
_aДело д'Артеза
_eРоман
_aРассказы и повесть
_eПер. с нем.
_fГанс Эрих Носсак
_g[Предисл. П. Топера, с. 5-26
_gХудож. Т. Толстая]
210 _aМ.
_cРадуга
_d1982
215 _a624 с.
_cил.
_d20
225 1 _aМастера современной прозы
_iФедеративная Республика Германия
300 _aРедкол. сер.: Анджапаридзе Г.А. и др.
327 1 _aСодерж.: Спираль: Роман бессонной ночи; Дело д'Артеза: Роман; Завещание Луция Эврина: Повесть; Рассказы: Кассандра; Клонц; Орфей и...; Юноша из морских глубин; Перочинный нож
464 0 _12001#$aСпираль
_tСпираль
464 0 _12001#$aДело д'Артеза
_tДело д'Артеза
464 0 _12001#$aЗавещание Луция Эврина
_tЗавещание Луция Эврина
464 0 _12001#$aКассандра
_tКассандра
464 0 _12001#$aКлонц
_tКлонц
464 0 _12001#$aОрфей и...
_tОрфей и...
464 0 _12001#$aЮноша из морских глубин
_tЮноша из морских глубин
464 0 _12001#$aПерочинный нож
_tПерочинный нож
700 1 _7ca
_8rus
_aНоссак
_bГ. Э.
_f1901-1977
_gГанс Эрих
_9252333
_3RU\NLR\AUTH\770252389
801 0 _aRU
_bNLR
_gpsbo
801 1 _aRU
_bELAR
_2rusmarc
852 _aNLR
_j83-3/1141
942 _cBOOK
980 _aNB